Normal view
MARC view
- Schwager, Jack D.
Entry Personal Name
001 - CONTROL NUMBER
- control field: 115906
003 - CONTROL NUMBER IDENTIFIER
- control field: NUST
005 - DATE AND TIME OF LATEST TRANSACTION
- control field: 20230912165646.0
008 - FIXED-LENGTH DATA ELEMENTS
- fixed length control field: 230912|| aca||aabn | a|a d
040 ## - CATALOGING SOURCE
- Original cataloging agency: NUST
- Transcribing agency: NUST
100 ## - HEADING--PERSONAL NAME
- Personal name: Schwager, Jack D.
670 ## - SOURCE DATA FOUND
- Source citation: Work cat.: (NUST): Schwager, Jack D.,, Market sense and nonsense :, 2013
